000
00252nam a2200121Ia 4500
100
_a
#N/A
650
_a
Computer/ IT
942
_c
BK
654
_a
vehicular
245
_a
Vehicular Technology Society 1952 - 2004
260
_b
#N/A
546
_a
ENGLISH
999
_c
26553
_d
26553